Statistics for Provinces of Sicily

Click here to take the quiz!

General Stats

  • This quiz has been taken 20 times
  • The average score is 7 of 9

Answer Stats

PopulationAnswer% Correct
1,090,620Catania
100%
652,742Messina
100%
1,249,744Palermo
100%
436,240Trapani
85%
453,594Agrigento
77%
318,980Ragusa
77%
403,559Siracusa
69%
271,168Caltanissetta
62%
172,159Enna
62%

Score Distribution

Percentile by Number Answered

Percent of People with Each Score

Your Score History

You have not taken this quiz